北京地铁站间距≥2.5km的区间 Sections of Beijing Subway with spacing ≥ 2.5 km - Statistics

General Stats
  • This quiz has been taken 21 times
  • The average score is 59 of 90
Answer Stats
线路 起点 间距/m 终点 % Correct
19 草桥 2650 新发地
95%
大兴机场 草桥 13028 大兴新城
95%
首都机场 三元桥 18322 3号航站楼
95%
19 草桥 2680 景风门
95%
大兴机场 大兴机场 25303 大兴新城
95%
首都机场 三元桥 3022 东直门
95%
首都机场 三元桥 2号航站楼
95%
首都机场 东直门 3022 三元桥
89%
首都机场 2号航站楼 20738 三元桥
89%
首都机场 2号航站楼 7243 3号航站楼
89%
首都机场 3号航站楼 7243 2号航站楼
89%
首都机场 3号航站楼 18322 三元桥
89%
13 北苑 6720 望京西
84%
大兴机场 大兴新城 25303 大兴机场
84%
大兴机场 大兴新城 13028 草桥
84%
西郊 巴沟 3045 颐和园西门
84%
1 苹果园 2606 古城
79%
13 西直门 2839 大钟寺
79%
13 西二旗 3623 龙泽
79%
大兴 新宫 5102 西红门
79%
13 上地 4866 五道口
79%
19 新宫 2740 新发地
79%
大兴 新宫 2798 公益西桥
79%
昌平 西二旗 5440 生命科学园
79%
13 五道口 4866 上地
74%
13 霍营 4785 立水桥
74%
1 古城 2606 苹果园
74%
13 大钟寺 2839 西直门
74%
13 望京西 6720 北苑
74%
17 望京西 2500 太阳宫
74%
15 花梨坎 3354 后沙峪
68%
19 牛街 2960 景风门
68%
19 景风门 2680 草桥
68%
19 新发地 2740 新宫
68%
13 龙泽 3623 西二旗
68%
19 景风门 2960 牛街
68%
19 新发地 2650 草桥
68%
5 北苑路北 3000 大屯路东
63%
15 南法信 2712 石门
63%
19 平安里 2710 太平桥
63%
西郊 颐和园西门 3045 巴沟
63%
大兴 公益西桥 2798 新宫
63%
昌平 十三陵景区 3508 昌平
63%
13 立水桥 4785 霍营
63%
15 南法信 4576 后沙峪
63%
19 太平桥 2710 平安里
63%
昌平 朱辛庄 3799 巩华城
63%
7 黑庄户 2961 万盛西
58%
14 园博园 4073 大瓦窑
58%
15 后沙峪 4576 南法信
58%
16 北安河 2653 温阳路
58%
17 太阳宫 2500 望京西
58%
昌平 南邵 5357 沙河高教园
58%
昌平 巩华城 3799 朱辛庄
58%
昌平 生命科学园 5440 西二旗
58%
亦庄 宋家庄 2631 肖村
58%
5 大屯路东 3000 北苑路北
58%
7 黑庄户 2517 郎辛庄
58%
15 孙河 3309 马泉营
58%
15 后沙峪 3354 花梨坎
58%
16 温阳路 2653 北安河
58%
S1 金安桥 2736 四道桥
58%
大兴 西红门 5102 新宫
58%
大兴 生物医药基地 2918 义和庄
58%
昌平 昌平 3508 十三陵景区
58%
昌平 沙河高教园 5357 南邵
58%
15 马泉营 3309 孙河
53%
17 十八里店 5840 北神树
53%
S1 四道桥 2736 金安桥
53%
大兴 义和庄 2918 生物医药基地
53%
房山 大葆台 6466 稻田
53%
房山 稻田 4041 长阳
53%
7 万盛西 2961 黑庄户
53%
14 大瓦窑 4073 园博园
53%
15 石门 2712 南法信
53%
16 西苑 2690 农大南路
53%
17 北神树 5840 十八里店
53%
房山 稻田 6466 大葆台
53%
6 物资学院路 2557 通州北关
47%
7 郎辛庄 2517 黑庄户
47%
8 永泰庄 2553 林萃桥
47%
8 林萃桥 2555 森林公园南门
47%
16 农大南路 2690 西苑
47%
8 林萃桥 2553 永泰庄
47%
房山 长阳 4041 稻田
47%
12 驼房营 2672 东坝西
42%
6 通州北关 2557 物资学院路
42%
8 森林公园南门 2553 林萃桥
42%
12 东坝西 2672 驼房营
42%
亦庄 肖村 2631 宋家庄
42%
No matching quizzes found
Score Distribution
Percent of People with Each Score
Percentile by Number Answered
Your Score History
You have not taken this quiz